|
|
|
|
| LEADER |
01092nam a22002777a 4500 |
| 001 |
39458 |
| 003 |
BD-DhAAL |
| 008 |
220825t1991 bg o000 0 eng d |
| 999 |
|
|
|c 44689
|d 44689
|
| 040 |
|
|
|a BD-DhAAL
|c BD-DhAAL
|
| 082 |
|
|
|a 330.95492
|2 23
|
| 245 |
|
|
|a Jorimon and others :
|b faces of poverty /
|c edited by Muhammad Yunus ; translators, Syed Manzoorul Islam, Arifa Rahman.
|
| 246 |
|
|
|a Jorimon of Beltoil Village and others
|
| 250 |
|
|
|a Third edition
|
| 260 |
|
|
|a Dhaka :
|b Grameen Bank,
|c c1991.
|
| 300 |
|
|
|a xxiv, 252 pages ;
|c 23 cm.
|
| 526 |
|
|
|a GenEd
|
| 541 |
|
|
|a Book Finder International
|e 39458
|
| 650 |
|
|
|a Rural poor
|z Bangladesh.
|9 51083
|
| 651 |
|
|
|a Bangladesh
|x Economic conditions.
|9 51084
|
| 700 |
|
|
|a Yunus, Muhammad,
|d 1940
|9 51085
|
| 700 |
|
|
|a Islam, Syed Manzoorul.
|9 51086
|
| 700 |
|
|
|a Rahman, Arifa
|9 51087
|
| 852 |
|
|
|a Savar Campus Library
|c General Stacks
|
| 942 |
|
|
|2 ddc
|c BK
|
| 952 |
|
|
|0 0
|1 0
|2 ddc
|4 0
|6 330_954920000000000_JOR
|7 0
|9 71508
|a SCL
|b SCL
|c GEN
|d 2022-08-03
|e Book Finder International
|g 120.67
|l 0
|o 330.95492 JOR
|p 3020039458
|r 2022-08-03
|t 1
|v 0.00
|w 2022-08-03
|y BK
|